Gemeinden von Weiz - Statistiken

Allgemein
  • Dieses Quiz wurde 247 mal gespielt
  • Das Durchschnittsergebnis liegt bei 15 aus 31
Antwortstatistiken
Einwohner Gemeinde % Korrekt
11.701 Weiz
100%
10.777 Gleisdorf
94%
4.969 Birkfeld
82%
4.048 Anger
67%
2.066 Puch bei Weiz
66%
1.123 Ratten
62%
634 St. Kathrein am Hauenstein
61%
1.078 St. Kathrein am Offenegg
61%
5.323 St. Ruprecht an der Raab
61%
3.689 Pischelsdorf am Kulm
60%
4.263 Sinabelkirchen
57%
722 Rettenegg
56%
4.245 Passail
52%
4.100 St. Margarethen an der Raab
50%
1.526 Fischbach
48%
1.796 Fladnitz an der Teichalm
45%
2.153 Ilztal
45%
2.160 Albersdorf-Prebuch
43%
899 Gasen
41%
689 Miesenbach bei Birkfeld
41%
2.945 Markt Hartmannsdorf
40%
2.100 Mitterdorf an der Raab
40%
1.914 Strallegg
40%
1.371 Naas
34%
2.456 Ludersdorf-Wilfersdorf
29%
2.439 Thannhausen
29%
1.700 Gersdorf an der Feistritz
28%
1.776 Gutenberg-Stenzengreith
28%
2.162 Mortantsch
27%
1.204 Floing
26%
2.315 Hofstätten an der Raab
26%
Keine übereinstimmenden Quizze gefunden
Verteilung der Resultate
Anzahl Personen mit jedem Resultat
Perzentil nach korrekt beantworteten Fragen
Ihre Resultats-Entwicklung
Sie haben dieses Quiz noch nicht gespielt